Quản lí doanh nghiệp trong cơ chế thị trường

Sách cung cấp những hiểu biết cơ bản về quản lý doanh nghiệp trong cơ chế thị trường: vai trò và địa vị pháp lý của doanh nghiệp, thị trường và tác động của doanh nghiệp vào thị trường đó, công tác quản lý tài chính, quản lý nhân sự......

Deskribapen osoa

Gorde:
Xehetasun bibliografikoak
Egile nagusia: Ngô Thị Cúc
Formatua: Liburua
Hizkuntza:Undetermined
Argitaratua: Hà Nội Chính trị Quốc gia 1997
Gaiak:
Etiketak: Etiketa erantsi
Etiketarik gabe, Izan zaitez lehena erregistro honi etiketa jartzen!
Thư viện lưu trữ: Trung tâm Học liệu Trường Đại học Cần Thơ
LEADER 00883nam a2200181Ia 4500
001 CTU_25231
008 210402s9999 xx 000 0 und d
082 |a 658 
082 |b C105 
100 |a Ngô Thị Cúc 
245 0 |a Quản lí doanh nghiệp trong cơ chế thị trường 
245 0 |c Ngô Thị Cúc 
260 |a Hà Nội 
260 |b Chính trị Quốc gia 
260 |c 1997 
520 |a Sách cung cấp những hiểu biết cơ bản về quản lý doanh nghiệp trong cơ chế thị trường: vai trò và địa vị pháp lý của doanh nghiệp, thị trường và tác động của doanh nghiệp vào thị trường đó, công tác quản lý tài chính, quản lý nhân sự... 
650 |a managerial economics 
980 |a Trung tâm Học liệu Trường Đại học Cần Thơ